MDQL
is popping MORE tags! Check the
thread
!
Quizzes
Events
Quiz Creation
Community
Videos
Private Events
Remove Ads
Sign In
Join for FREE
Feedback
Dark Mode
Quiz Categories
Sports
Geography
Music
Movies
Television
Just For Fun
Miscellaneous
History
Literature
Language
Science
Gaming
Entertainment
Religion
Holiday
For Kids
Quiz Lab
Recent
Popular Today
Quiz Kudos Today
Editor Picks
Curator Picks
Quizzes by...
Day
Popularity
Type
Ratings
Length
Year
Community
Subscriptions
Recent Discussions
Orange Saloon
Badges
Playlists
Quests
Create
Leaderboards
Showdown
Live 5
Trivia Bingo
Activity
Puzzle Library
Sporcle Events
Private Events
Virtual Trivia
Globe League
Become a Host
Pub Owners
SporcleCon
Opinionation
Our Games
Videos
Blog
Mobile Apps
Partnerships
Remove Ads and Go Orange
Feedback
Television
TV Characters
TV Show
Sitcom
Network
Friends
Reality Shows
Cast
South Park
Star Trek
The Simpsons
Doctor Who
Television
TV Characters
TV Show
Sitcom
Network
Friends
Reality Shows
Cast
South Park
Star Trek
The Simpsons
Doctor Who
Random Quiz
Search Sporcle
×
Quiz Lab
Quiz Lab
Television
Gravity Falls
Type answers based on single images at one time
Type answers based on single images at one time
Slideshow
Best Score? Go Orange.
Gravity Falls: Mabel's Sweaters Stats
Name each design or symbol that has been edited out of these pictures of Mabel Pines's sweaters from 'Gravity Falls'.
By
JackTheDipper
10m
50 Questions
595 Plays
595 Plays
595 Plays
Comments
Comments
Give Quiz Kudos
Give Quiz Kudos
-
- Ratings
hide this ad
More Info
Replay
Link that replays current quiz
Next Quiz
Link to next quiz in quiz playlist
You Got
0%
They Got
Avg Score
29%
Avg Friend Score
Upgrade to see
Score Distribution
Jump to the score distribution portion of the page
Score
0/50
Timer
10:00
0
Plays Today
% Correct
Shooting star
96.5%
Llama
58%
Puppy playing basketball
54.3%
Rainbow between clouds
52.3%
Unicorn
47.2%
'Meow Wow!' cat
43.7%
Golf hole
41.7%
Waddles the Pig
40.3%
'Mabel'
37.3%
Musical note
36.8%
Boombox
36.8%
Working light bulb
36.6%
Mushrooms
34.8%
Four-leaf clover
34.8%
Disco ball
34.5%
Lightning bolt
33.9%
Strawberry
33.3%
Star
32.8%
Heart wearing sunglasses
32.3%
Scout's honor
31.9%
Sunset over water
31.8%
Floppy disk
30.4%
Birthday cake and confetti
30.1%
Butterfly
29.7%
Key
25.7%
% Correct
Prism refracting light
25.5%
Hamburger and fries
24.9%
Umbrella
23%
Hearts
22.7%
'U Can Do It Soos'
22.5%
Seahorse
22.4%
Dachshund
21.7%
Stars
21%
Santa Claus
20.7%
Pony
20.3%
Pencil
20.2%
Moose
20%
Donut
18.8%
Mouse cursor
18.2%
Question mark
18%
Sprinkles
17.6%
Watermelon slice
17.5%
Wolf howling at moon
17.5%
Smiling star
17.3%
Heart-shaped gem
15.8%
Puzzle pieces
14.8%
Earth
14.3%
Guitar
13.8%
Ball of yarn
13.4%
Thumbs up
12.1%
Quiz Playlist
Details
Report
Send in Message
Add To Playlist
More Info:
Two of the outfits aren't sweaters: her nightgown and her swimsuit.
Slideshow:
Type answers based on single images at one time
Quiz Source
Last Updated: Feb 16, 2017
Quiz Scoreboard
CHALLENGE
Sign Up to Join the Scoreboard
Show All
Scores
Hide
Comments
May contain spoilers
Recently Published
Street Fighter Characters
by Artimus82
Gaming
60s
9x9 Crossword: Cartoon Network
by jackfrog10
Miscellaneous
3m
College Basketball Coaching Resumes
by pancakes188
Sports
9m
More to Explore
Quiz From the Vault
Featured Blog Post
Where Did the Easter Bunny Come From?
hide this ad
You Might Also Like...
Tags
Gravity Falls
Today's Top Quizzes in Television
Browse Television
hide this ad
Today's Top Quizzes in Gravity Falls
Browse Gravity Falls
Top Contributed Quizzes in Television
1
5-to-1: The Simpsons Families
2
Adjectives in 80s TV Shows
3
Adjectives in 00s TV Shows
4
Survivor Journey Challenge
5
5-to-1: Television Doctors
6
7-to-1: TV Show Settings
7
Adjectives in 10s TV Shows
8
5-to-1: Streaming Originals
9
Survivor Seasons
10
Adjectives in 70s TV Shows
Explore More
Trending Topics
Marvel
Crossword
Disney
Anime
NBA
Kpop
Harry Potter
NFL
Song
The Office
Soccer
Pokémon
WWE
Puzzle
Country
hide this ad
More By:
JackTheDipper
Quiz
Plays
Rating
Category
Featured
Created
Gravity Falls: Mabel's Sweaters
595
5.00
Television
May 26, 2016
Commonest SpongeBob Title Words
532
4.57
Television
Aug 6, 2018
Go to Creator's Profile
Score Distribution
Quiz Creator Spotlight
JackTheDipper
Follow
Send a Message
Quizzes Created
-
Created Quiz Play Count
-
More By This Creator
Popular Quizzes Today
1
Find the US States - No Outlines Minefield
2
Find the Countries of Europe - No Outlines Minefield
3
The Countries of the World
4
Find the US States
5
Risky Map Clicking: Biggest States A-Z
6
US States
7
Popular People in 1961
8
Movies - When Are They Set?
More Television Quizzes
Total Drama Action Eliminations
Quiz Lab
Trending Quizzes
Risky Map Clicking: Least Populous States A-Z
Countries of the World: 200 Million BC
Billboard Blitz: Aretha Franklin
1-10 Letter G Words
Famous Russians: Author or Composer?
Recently Updated
Leaping Animals
pecheneg
Reality TV Shows (A-Z)
bhenderson79
Rickey Henderson's Hall of Fame Teammates
pecheneg
Champions League XIs: Arsenal
pecheneg
Quick Pick: Celebrities in WWE's Hall of Fame
aduchscher
A-Z Keypad Blitz II
pecheneg
Multiple Oscar Actors
pecheneg
Mystery Phrase Blitz: Oscar 'Best Actors'
pecheneg
F. Scott Fitzgerald Novels
LTH
Pick 3 Villains
ddd62291
Trending Topics
Kpop
Disney
NBA
Crossword
Marvel
Anime
Harry Potter
Song
Puzzle
Soccer
WWE
NFL
Country
Pokémon
The Office
Your Account Isn't Verified!
In order to create a playlist on Sporcle, you need to verify the email address you used during registration. Go to your
Sporcle Settings
to finish the process.
Report this User
Report this user for behavior that violates our
Community Guidelines
.
Details:
Send Report
Go to the Sporcle.com Mobile Site →
Comments